| 000 | 01094cam a2200313 i 4500 | ||
|---|---|---|---|
| 001 | 61627 | ||
| 003 | Mx-PuUPA | ||
| 005 | 20240410104059.0 | ||
| 008 | 141103s2000 ag gr 001 0 spa d | ||
| 020 | _a950082275X | ||
| 040 |
_aMx-PuUPA _bspa _cMx-PuUPA _dMx-PuUPA _erda |
||
| 041 | 1 |
_aspa _hfre |
|
| 100 | 1 |
_aAllègre, Claude, _eautor |
|
| 240 | 1 | 0 |
_aDieu face à la sciencie. _lEspañol |
| 245 | 1 | 0 |
_aDios frente a la ciencia / _cClaude Allègre ; traducción, Amanda Forns de Gioia |
| 250 | _aPrimera edición | ||
| 264 | 1 |
_aBuenos Aires : _bEditorial Atlantida, _c2000 |
|
| 300 |
_a301 páginas ; _c23 cm |
||
| 336 |
_atexto _2rdacontent _btxt |
||
| 337 |
_asin medio _2rdamedia _bn |
||
| 338 |
_avolumen _2rdacarrier _bnc |
||
| 650 | 7 |
_aReligión _2armarc |
|
| 650 | 7 |
_aCiencia _2armarc |
|
| 700 | 1 |
_aForns de Gioia, Amanda, _etraductor |
|
| 765 | 0 | 8 |
_aAllègre, Claude, _d[lugar de publicación no identificada] : Librairie Arthème Fayard, ©1997 _tDieu face à la sciencie. |
| 942 |
_2ddc _cLI _h261.55 _iA416 |
||
| 999 |
_c61627 _d61627 |
||